Penzión

Salvato in:
Dettagli Bibliografici
Autore principale: Bestro, Gabriel, 1987- (Autore)
Altri autori: Minarovičová, Katarína, 1968- (Relatore della tesi)
Natura: Manoscritto Libro
Lingua:slovacco
Pubblicazione: Bratislava : STU v Bratislave SvF, 2014
Soggetti:
Accesso online:VAIS
Tags: Aggiungi Tag
Nessun Tag, puoi essere il primo ad aggiungerne!!

MARC

LEADER 00000ntm a22000003a 4500
001 stu297558
005 20150617230311.3
008 140919s2014----xo------------------slo-d
040 |a STU  |b slo 
041 0 |a slo 
044 |a xo 
100 1 |a Bestro, Gabriel,  |d 1987-  |4 aut  |u V  |T SvF Stavebná fakulta  |X 39413  |U V  |Y 10  |7 A000039413 
242 0 0 |a guest-house  |y eng 
245 1 |a Penzión 
260 |a Bratislava :  |b STU v Bratislave SvF,  |c 2014 
650 7 |a architektonické konštrukcie a projektovanie  |2 stusub 
650 7 |a Architectural Constructions and Design  |2 estusub 
650 7 |a wood  |2 estusub 
650 7 |a reštaurácia  |2 stusub 
650 7 |a penzión  |2 stusub 
650 7 |a drevostavba  |2 stusub 
700 1 |a Minarovičová, Katarína,  |d 1968-  |4 ths  |u V180  |U SvF Stavebná fakulta  |T SvF Katedra konštrukcií pozemných stavieb  |X 773  |U V180  |Y 18  |7 A000000773 
856 4 |a info a plný text  |u http://is.stuba.sk/zp/portal_zp.pl?podrobnosti=100593  |3 VAIS